[Event "Porto op 12th"]
[Site "Porto"]
[Date "2000.07.27"]
[Round "6"]
[White "Dantas, Carlos"]
[Black "De Sousa, Jose Claude"]
[Result "1-0"]
[WhiteElo "2184"]
[BlackElo "2292"]
[PlyCount "96"]
[EventDate "2000.07.22"]
[EventType "swiss"]
[EventRounds "9"]
[EventCountry "POR"]
[SourceTitle "EXT 2001"]
[Source "ChessBase"]
[SourceDate "2000.11.22"]
[SourceVersion "1"]
[SourceVersionDate "2000.11.22"]
[SourceQuality "1"]

1. e4 c5 2. Nc3 Nc6 3. f4 g6 4. Nf3 Bg7 5. Bc4 e6 6. d3 Nge7 7. 0-0 d5 8. Bb3 Na5 9. Qe1 0-0 10. Bd2 b6 11. Nd1 Nxb3 12. axb3 Nc6 13. Bc3 d4 14. Bd2 a5 15. e5 f5 16. exf6 Bxf6 17. Nf2 Qd5 18. Ng4 Bg7 19. Qg3 Bb7 20. Rae1 Rae8 21. Qh3 Rf5 22. Ng5 h5 23. Nf2 e5 24. g4 hxg4 25. Qh7+ Kf8 26. Qxg6 Qg2+ 27. Kxg2 Ne7+ 28. Nfe4 Nxg6 29. fxe5 Rexe5 30. Kg3 Kg8 31. Kxg4 Bc8 32. Kg3 Bh6 33. h4 Rxf1 34. Rxf1 Rf5 35. Re1 Bd7 36. Nd6 Rf6 37. Nc4 Bg7 38. h5 Nf8 39. Ne4 Re6 40. Rh1 Nh7 41. Bf4 Bf8 42. Ne5 Be8 43. Rg1 Bg7 44. Kh4 Kf8 45. Ng4 Bc6 46. Ng5 Nxg5 47. Bxg5 Re2 48. Rf1+ Kg8 1-0

[Event "IECC Swiss email"]
[Site "IECC email"]
[Date "2000.03.27"]
[Round "?"]
[White "Kiese, Matthias"]
[Black "Dantas, Carlos"]
[Result "1-0"]
[WhiteElo "2296"]
[BlackElo "2076"]
[PlyCount "61"]
[EventDate "2000.??.??"]
[EventType "tourn (corr)"]
[EventRounds "6"]
[SourceTitle "Corr 2008"]
[Source "ChessBase"]
[SourceDate "2008.06.24"]
[SourceVersion "1"]
[SourceVersionDate "2008.06.24"]
[SourceQuality "1"]

1. d4 Nf6 2. c4 c5 3. d5 b5 4. a4 b4 5. b3 g6 6. Bb2 Bg7 7. e4 d6 8. Bd3 0-0 9. Nd2 e6 10. Ne2 a5 11. Qc2 e5 12. 0-0-0 Ng4 13. Rdf1 f5 14. exf5 Bxf5 15. Bxf5 Rxf5 16. Ne4 Qf8 17. N2g3 Rf4 18. Kb1 Na6 19. h4 h6 20. Bc1 Re8 21. f3 Nf6 22. Nf2 Qf7 23. h5 g5 24. Bxf4 exf4 25. Nf5 Rd8 26. Re1 Rd7 27. Re6 Nc7 28. Rxd6 Nfxd5 29. Nxh6+ Bxh6 30. Rg6+ Kf8 31. cxd5 1-0

[Event "Young Masters 7th"]
[Site "Loures"]
[Date "1999.12.03"]
[Round "11"]
[White "Lima, Paulo"]
[Black "Dantas, Carlos"]
[Result "1/2-1/2"]
[WhiteElo "2051"]
[BlackElo "2172"]
[PlyCount "20"]
[EventDate "1999.11.23"]
[EventType "tourn"]
[EventRounds "11"]
[EventCountry "POR"]
[EventCategory "2"]
[SourceTitle "CBM 073 Extra"]
[Source "ChessBase"]
[SourceDate "2000.01.11"]
[SourceVersion "1"]
[SourceVersionDate "2000.01.11"]
[SourceQuality "1"]

1. e4 d5 2. exd5 Qxd5 3. Nc3 Qa5 4. d4 Nf6 5. Nf3 Bg4 6. Be2 c6 7. 0-0 e6 8. h3 Bh5 9. Bf4 Nbd7 10. Re1 Be7 1/2-1/2

[Event "Young Masters 7th"]
[Site "Loures"]
[Date "1999.12.01"]
[Round "9"]
[White "Dantas, Carlos"]
[Black "Kovacevic, Slobodan"]
[Result "1/2-1/2"]
[WhiteElo "2172"]
[BlackElo "2404"]
[PlyCount "26"]
[EventDate "1999.11.23"]
[EventType "tourn"]
[EventRounds "11"]
[EventCountry "POR"]
[EventCategory "2"]
[SourceTitle "CBM 073 Extra"]
[Source "ChessBase"]
[SourceDate "2000.01.11"]
[SourceVersion "1"]
[SourceVersionDate "2000.01.11"]
[SourceQuality "1"]

1. e4 c5 2. Nc3 e6 3. f4 a6 4. Nf3 Qc7 5. d3 Nc6 6. Be2 d6 7. 0-0 Nf6 8. Qe1 Be7 9. Bd1 0-0 10. Kh1 b5 11. Qg3 b4 12. Ne2 Ne8 13. Qh3 f5 1/2-1/2

[Event "Young Masters 7th"]
[Site "Loures"]
[Date "1999.11.29"]
[Round "7"]
[White "Dantas, Carlos"]
[Black "Damaso, Rui"]
[Result "1/2-1/2"]
[WhiteElo "2172"]
[BlackElo "2399"]
[PlyCount "35"]
[EventDate "1999.11.23"]
[EventType "tourn"]
[EventRounds "11"]
[EventCountry "POR"]
[EventCategory "2"]
[SourceTitle "CBM 073 Extra"]
[Source "ChessBase"]
[SourceDate "2000.01.11"]
[SourceVersion "1"]
[SourceVersionDate "2000.01.11"]
[SourceQuality "1"]

1. e4 d5 2. exd5 Nf6 3. Nc3 Nxd5 4. Bc4 c6 5. Qf3 Be6 6. Nge2 Nd7 7. Bxd5 cxd5 8. Nf4 Nf6 9. Nxe6 fxe6 10. Qe2 Qd7 11. Nb5 e5 12. d4 a6 13. dxe5 Qxb5 14. exf6 Qxe2+ 15. Kxe2 gxf6 16. Rd1 Rd8 17. f4 e5 18. c3 1/2-1/2

[Event "Young Masters 7th"]
[Site "Loures"]
[Date "1999.11.25"]
[Round "3"]
[White "Dantas, Carlos"]
[Black "Vitor, Antonio Pedro Caste"]
[Result "1/2-1/2"]
[WhiteElo "2172"]
[BlackElo "2310"]
[PlyCount "143"]
[EventDate "1999.11.23"]
[EventType "tourn"]
[EventRounds "11"]
[EventCountry "POR"]
[EventCategory "2"]
[SourceTitle "CBM 073 Extra"]
[Source "ChessBase"]
[SourceDate "2000.01.11"]
[SourceVersion "1"]
[SourceVersionDate "2000.01.11"]
[SourceQuality "1"]

1. d4 d5 2. Bg5 c6 3. c3 Bf5 4. Nd2 Nd7 5. Ngf3 h6 6. Bh4 Ngf6 7. e3 e6 8. Be2 Bd6 9. Bg3 Qc7 10. Qb3 Rb8 11. c4 0-0 12. a4 Bh7 13. 0-0 Kh8 14. Rfe1 Bxg3 15. hxg3 Rbc8 16. Qa3 Qb8 17. b4 Ne4 18. b5 Qd6 19. c5 Qc7 20. a5 Nxd2 21. Nxd2 Ra8 22. a6 bxa6 23. Qxa6 Nb8 24. Qa5 Qe7 25. b6 a6 26. Qc3 e5 27. dxe5 Re8 28. Nb3 Bf5 29. f4 Kg8 30. Nd4 Bc8 31. Ra5 f6 32. exf6 Qxe3+ 33. Qxe3 Rxe3 34. Kf2 Re4 35. b7 Bxb7 36. Nf5 Rb4 37. fxg7 Nd7 38. Rh1 Nf6 39. Rxh6 Kf7 40. Rh1 Ne4+ 41. Ke3 Rb3+ 42. Bd3 Rxd3+ 43. Kxd3 Nf2+ 44. Ke3 Nxh1 45. Kf3 Bc8 46. Nd6+ Kxg7 47. Ra1 Nxg3 48. Kxg3 Be6 49. f5 Bg8 50. Kf4 a5 51. g4 a4 52. Ra3 d4 53. g5 Bb3 54. Ke4 Rh8 55. Kxd4 Rh1 56. Kc3 Rg1 57. g6 Kf6 58. Kb4 Rg4+ 59. Ka5 Ke5 60. Kb6 Kd5 61. Ne8 Rb4+ 62. Kc7 Kxc5 63. f6 Rf4 64. g7 Bg8 65. Rc3+ Kb4 66. Rxc6 a3 67. Ra6 a2 68. Kd8 Kb3 69. Ke7 Ra4 70. Rb6+ Kc2 71. Rc6+ Kd2 72. f7 1/2-1/2

[Event "IECC Swiss email"]
[Site "IECC email"]
[Date "1999.02.20"]
[Round "3"]
[White "Miller, Roger"]
[Black "Dantas, Carlos"]
[Result "1-0"]
[WhiteElo "1825"]
[BlackElo "2180"]
[PlyCount "25"]
[EventDate "1999.??.??"]
[EventType "tourn (corr)"]
[EventRounds "6"]
[SourceTitle "Corr 2008"]
[Source "ChessBase"]
[SourceDate "2008.06.24"]
[SourceVersion "1"]
[SourceVersionDate "2008.06.24"]
[SourceQuality "1"]

1. e4 d5 2. exd5 Nf6 3. Bb5+ Bd7 4. Bc4 Bg4 5. f3 Bf5 6. g4 Bg6 7. Nc3 c6 8. f4 b5 9. Bb3 b4 10. f5 Bxf5 11. gxf5 bxc3 12. dxc6 cxb2 13. Bxb2 1-0

[Event "POR Cup sf"]
[Site "Lisbon"]
[Date "1999.??.??"]
[Round "?"]
[White "Damaso, Rui"]
[Black "Dantas, Carlos"]
[Result "1/2-1/2"]
[WhiteElo "2399"]
[BlackElo "2172"]
[PlyCount "49"]
[EventDate "1999.12.??"]
[EventType "team-tourn"]
[EventRounds "1"]
[EventCountry "POR"]
[SourceTitle "EXT 2001"]
[Source "ChessBase"]
[SourceDate "2000.11.22"]
[SourceVersion "1"]
[SourceVersionDate "2000.11.22"]
[SourceQuality "1"]

1. e4 Nf6 2. e5 Nd5 3. d4 d6 4. Nf3 Bg4 5. Be2 e6 6. 0-0 Nc6 7. c4 Nb6 8. h3 Bxf3 9. Bxf3 dxe5 10. c5 Nd5 11. Nc3 Nxd4 12. Bxd5 exd5 13. Re1 Nc6 14. b4 d4 15. Ne4 Be7 16. b5 Nb4 17. Qb3 Nd5 18. Qg3 0-0 19. Qxe5 Nc3 20. Bh6 f6 21. Qe6+ Rf7 22. Nxc3 dxc3 23. Be3 Qf8 24. Qc4 b6 25. Qxc3 1/2-1/2

[Event "Lisbon-ch"]
[Site "Lisbon"]
[Date "1999.??.??"]
[Round "8"]
[White "Dantas, Carlos"]
[Black "Henriques, Sofia S"]
[Result "1-0"]
[WhiteElo "2181"]
[BlackElo "2013"]
[PlyCount "133"]
[EventDate "1999.??.??"]
[EventType "swiss"]
[EventRounds "11"]
[EventCountry "POR"]
[SourceTitle "EXT 2000"]
[Source "ChessBase"]
[SourceDate "1999.11.16"]
[SourceVersion "1"]
[SourceVersionDate "1999.11.16"]
[SourceQuality "1"]

1. d4 d5 2. Bg5 h6 3. Bh4 c6 4. c3 Bf5 5. Nd2 Nd7 6. e3 Ngf6 7. Ngf3 Qb6 8. Qb3 e6 9. Be2 Be7 10. 0-0 0-0 11. Ne5 Rfe8 12. Bxf6 Nxf6 13. g4 Bh7 14. f4 Ne4 15. Nxe4 Bxe4 16. Bd3 Qxb3 17. axb3 f5 18. Bxe4 fxe4 19. Kg2 Bd6 20. Ng6 Kh7 21. f5 exf5 22. gxf5 a6 23. b4 Rad8 24. Rf2 Rd7 25. Kh3 Be7 26. Kg4 Bg5 27. Re1 Rf7 28. h4 Be7 29. Ref1 Bd6 30. h5 Rf6 31. b3 Kg8 32. Ra1 Rf7 33. Ra4 Rc8 34. c4 Be7 35. Nxe7+ Rxe7 36. Ra5 Rd7 37. Rc2 Rcd8 38. cxd5 cxd5 39. Rac5 Kf7 40. Rc8 Rxc8 41. Rxc8 Kf6 42. Kf4 Rd6 43. Rc5 Rb6 44. Rxd5 Rxb4 45. Kxe4 Rxb3 46. Kf4 Rb1 47. e4 Rf1+ 48. Ke3 Re1+ 49. Kf3 Rf1+ 50. Ke2 Rh1 51. Rd6+ Kg5 52. d5 Rxh5 53. Rg6+ Kf4 54. d6 Rh2+ 55. Kd3 Rh3+ 56. Kd4 Rh1 57. Kd5 Rd1+ 58. Ke6 Kxe4 59. Rxg7 Rxd6+ 60. Kxd6 Kxf5 61. Rh7 Kg5 62. Ke5 h5 63. Rg7+ Kh4 64. Kf4 b5 65. Rg1 Kh3 66. Rh1+ Kg2 67. Rxh5 1-0